000 00480nam a22001817a 4500
005 20171123151111.0
010 _aENG-112827
020 _c295.00
_a9788189766399
035 _aEN-96359
037 _bDBAD/PUB
082 _aN
100 _aDhar, Mainak
245 _aLine of control /
_cby Mainak Dhar
260 _aNew Delhi
_bVitasta Publishing
_c2013
270 _a2/15, Ansari Road, Daryaganj
_bNew Delhi
_e110002
300 _a314p.
_c21cm(pbk)
942 _2ddc
_cEN
_mDHA
_hN
999 _c93010
_d93010